000
00300nam a22001337a 4500
008
181017b xxu||||| |||| 00| 0 eng d
020
_a
9781455771011
041
_a
eng
080
_a
616.15
100
_a
9
101
_a
HEM
245
_a
Chronic Lymphocytic Leukemia
_c
Brown,J.R
942
_2
udc
_c
BK
999
_c
49982
_d
49982